[Event "Titled Tue 17th Jun Late"]
[Site "chess.com INT"]
[Date "2025.06.17"]
[Round "4"]
[White "Ferrara, Enzo"]
[Black "Haydon, David L"]
[Result "0-1"]
[BlackTitle "FM"]
[WhiteElo "2138"]
[BlackElo "2284"]
[WhiteFideId "137731"]
[BlackFideId "415405"]
[EventDate "2025.06.17"]

1. d4 f5 2. e4 fxe4 3. Nc3 Nf6 4. Bg5 g6 5. f3 e3 6. Bc4 Bg7 7. Qe2 c6 8. O-O-O
d5 9. Bd3 Nbd7 10. Qxe3 Nf8 11. Nge2 Bf5 12. Bxf5 gxf5 13. Nf4 Qd7 14. Rhe1 h6
15. Bh4 Kf7 16. Nd3 Kg8 17. Nc5 Qc8 18. Qxe7 Ng6 19. Qxb7 Qxb7 20. Nxb7 Nxh4 21.
Re6 Kh7 22. Rxc6 Nxg2 23. Rg1 Nf4 24. Rc7 Ne6 25. Re7 Rae8 26. Rxe8 Rxe8 27. Nd6
Rd8 28. Nxf5 Bh8 29. Re1 Ng5 30. Re7+ Kg6 31. Nh4+ Kh5 32. Nf5 Nxf3 33. Rxa7 Ne4
34. Ne2 Bf6 35. h3 Bg5+ 36. Kb1 Rf8 37. Nfg3+ Nxg3 38. Nxg3+ Kh4 39. Ne2 Nd2+
40. Kc1 Rf1# 0-1

[Event "Titled Tue 17th Jun Late"]
[Site "chess.com INT"]
[Date "2025.06.17"]
[Round "4"]
[White "Carroll, Thomas"]
[Black "Da Matta, Eduardo Cesar"]
[Result "1-0"]
[WhiteElo "2131"]
[BlackElo "2047"]
[WhiteFideId "450111"]
[BlackFideId "2193108"]
[EventDate "2025.06.17"]

1. d4 d5 2. c4 c6 3. Nf3 Nf6 4. Nc3 dxc4 5. a4 Bf5 6. e3 e6 7. Bxc4 Bb4 8. O-O
O-O 9. Ne5 Bg6 10. Nxg6 hxg6 11. Qc2 Nbd7 12. b3 e5 13. dxe5 Nxe5 14. Be2 Qa5
15. Bb2 Rad8 16. Rfd1 Qc5 17. Rac1 Rxd1+ 18. Qxd1 Qa5 19. Na2 Rd8 20. Qf1 Be7
21. Bc3 Qc7 22. Rd1 Neg4 23. g3 Bc5 24. h3 Nh6 25. Rxd8+ Qxd8 26. Qd1 Qc7 27.
Nc1 Ne4 28. Be1 Nf5 29. Nd3 Bb6 30. Bf3 Nexg3 31. fxg3 Nxe3 32. Qe2 Nc2+ 33. Kh1
Nxe1 34. Qxe1 Qd6 35. Qe8+ Kh7 36. Qe4 Qxg3 37. Qg4 Qd6 38. Be4 Qd4 39. a5 1-0

[Event "Titled Tue 17th Jun Late"]
[Site "chess.com INT"]
[Date "2025.06.17"]
[Round "4"]
[White "Castillo Pena, Patricia Evarista"]
[Black "Montano Vicente, Guadalupe"]
[Result "0-1"]
[WhiteTitle "WFM"]
[WhiteElo "1909"]
[BlackElo "1938"]
[WhiteFideId "6412106"]
[BlackFideId "5181399"]
[EventDate "2025.06.17"]

1. d4 Nf6 2. Nf3 g6 3. Nc3 d5 4. Bf4 Bg7 5. e3 O-O 6. Be2 c6 7. h4 h5 8. Ne5
Nbd7 9. Qd2 Nxe5 10. dxe5 Ng4 11. O-O-O Nxe5 12. Rdg1 Nc4 13. Bxc4 dxc4 14. Qe2
Qa5 15. Qxc4 Be6 16. Qe4 Bxc3 17. bxc3 Qa3+ 18. Kd2 Rfd8+ 19. Ke2 Qxc3 20. Rd1
Bc4+ 21. Kf3 Bd5 22. Rxd5 cxd5 23. Qd3 Qxd3 24. cxd3 Rac8 25. Rb1 Rd7 26. a4 b6
27. a5 bxa5 28. Ra1 f6 29. d4 Kf7 30. Rxa5 Re8 31. g4 hxg4+ 32. Kxg4 Rc8 33. h5
gxh5+ 34. Kxh5 e6 35. Kg4 Rb7 36. Ra6 Rd7 37. Kf3 Rc3 38. Ra4 Rc6 39. Ra5 Rb7
40. Ra4 a6 41. Ra5 Rb5 42. Ra4 a5 43. Ra3 Rc4 44. e4 a4 45. exd5 exd5 46. Bd2
Rb3+ 47. Rxb3 axb3 0-1

[Event "Titled Tue 17th Jun Late"]
[Site "chess.com INT"]
[Date "2025.06.17"]
[Round "4"]
[White "Volodin, Alexandr E."]
[Black "Yilmaz, Mustafa"]
[Result "0-1"]
[WhiteTitle "FM"]
[BlackTitle "GM"]
[WhiteElo "2344"]
[BlackElo "2586"]
[WhiteFideId "34268871"]
[BlackFideId "6302718"]
[EventDate "2025.06.17"]

1. d4 e6 2. Nc3 d5 3. Bf4 Bb4 4. e3 Nf6 5. Bd3 c5 6. dxc5 Nbd7 7. Ne2 a6 8. Bg3
Nxc5 9. O-O O-O 10. a3 Nxd3 11. cxd3 Be7 12. Rc1 Bd7 13. Qd2 Qb6 14. h3 Rac8 15.
Nd4 Rfd8 16. Nf3 Be8 17. Bh4 h6 18. d4 Bb5 19. Bxf6 Bxf6 20. Nxb5 Qxb5 21. Rxc8
Rxc8 22. Rc1 Rc4 23. Qd1 Qxb2 24. Rb1 Qxa3 25. g4 b5 26. h4 Qe7 27. Ra1 Qc7 28.
Kg2 a5 29. g5 hxg5 30. hxg5 Be7 31. Ne5 Bxg5 32. Qh5 Bf6 33. Nxc4 bxc4 34. Rb1
c3 35. Qh2 Qxh2+ 36. Kxh2 Be7 37. Rb8+ Kh7 38. Rc8 Bb4 39. Kg2 a4 40. Kf3 a3 41.
Ke2 a2 42. Ra8 c2 43. Rxa2 c1=Q 44. Kf3 Qb1 45. Re2 Qd1 0-1

[Event "Titled Tue 17th Jun Late"]
[Site "chess.com INT"]
[Date "2025.06.17"]
[Round "4"]
[White "Sanal, Vahap"]
[Black "Ljepic, Andrej"]
[Result "0-1"]
[WhiteTitle "GM"]
[BlackTitle "FM"]
[WhiteElo "2564"]
[BlackElo "2358"]
[WhiteFideId "6300545"]
[BlackFideId "980625"]
[EventDate "2025.06.17"]

1. e4 Nc6 2. Nf3 d5 3. exd5 Qxd5 4. Nc3 Qd8 5. d4 Nf6 6. Bb5 Bd7 7. O-O a6 8.
Ba4 e6 9. d5 exd5 10. Nxd5 Nxd5 11. Qxd5 Be7 12. Rd1 Bd6 13. Re1+ Ne7 14. Bxd7+
Qxd7 15. Qxb7 O-O 16. Qe4 Ng6 17. Bd2 Rab8 18. b3 Rb5 19. Rad1 Qc8 20. a4 Rc5
21. Be3 Rh5 22. h3 Kh8 23. Qg4 Rf5 24. Nd4 Re5 25. Nc6 f5 26. Qc4 f4 27. Bd4 Rg5
28. Qe6 Qa8 29. Qe4 Nh4 30. Ne7 Rxg2+ 31. Kf1 Qd8 32. c4 f3 33. Qxh4 Bh2 34. Qg4
Rxg4 35. hxg4 Qb8 36. Nf5 Rg8 37. Re7 Qxb3 38. Ree1 Qxc4+ 0-1

[Event "Titled Tue 17th Jun Late"]
[Site "chess.com INT"]
[Date "2025.06.17"]
[Round "4"]
[White "Koellner, Ruben Gideon"]
[Black "Oksendal, Martin"]
[Result "0-1"]
[WhiteTitle "IM"]
[BlackTitle "FM"]
[WhiteElo "2503"]
[BlackElo "2235"]
[WhiteFideId "12993093"]
[BlackFideId "1554107"]
[EventDate "2025.06.17"]

1. d4 d5 2. Nf3 Nf6 3. e3 g6 4. Nbd2 Bg7 5. b4 O-O 6. c4 a5 7. b5 c5 8. dxc5 Ne4
9. Nxe4 dxe4 10. Nd4 Qc7 11. Ba3 Nd7 12. c6 bxc6 13. Rc1 Ne5 14. bxc6 Nxc6 15.
Nxc6 Qxc6 16. Bxe7 Re8 17. Qd6 Qa4 18. Bf6 Ra6 19. Qd1 Qxd1+ 20. Rxd1 Bxf6 21.
Be2 Be6 22. O-O Rc8 23. Rc1 Rac6 24. Rfd1 Bxc4 25. Bg4 Be6 26. Rxc6 Rxc6 27.
Bxe6 Rxe6 28. Rd5 Ra6 29. g3 a4 30. Rc5 a3 31. Rc4 Rb6 32. Ra4 Be7 33. Rxe4 Bf8
34. Ra4 Rb2 35. h4 Rxa2 36. Kg2 h5 37. Kf3 Be7 38. Kg2 Rc2 39. Kf3 a2 40. Ra8+
Kg7 41. Ra7 Bf6 42. Kg2 a1=Q 43. Rb7 Qb2 44. Rxb2 Rxb2 45. Kf3 Bc3 46. Kg2 Be1
47. Kf1 Bxf2 48. e4 Bxg3 49. e5 Bxh4 50. e6 Be7 0-1

[Event "Titled Tue 17th Jun Late"]
[Site "chess.com INT"]
[Date "2025.06.17"]
[Round "4"]
[White "DeDona, Mark"]
[Black "Uyanga, Byambaa"]
[Result "1-0"]
[BlackTitle "WFM"]
[WhiteElo "1938"]
[BlackElo "2006"]
[WhiteFideId "30920256"]
[BlackFideId "2054906"]
[EventDate "2025.06.17"]

1. e4 c5 2. b3 Nc6 3. Bb2 e5 4. Bb5 d6 5. f4 exf4 6. Bxc6+ bxc6 7. Nf3 Nf6 8. e5
Nd5 9. O-O Bg4 10. exd6 Bxd6 11. Re1+ Kf8 12. c4 Nb4 13. d4 cxd4 14. Qxd4 Qb6
15. Qxb6 axb6 16. Re2 Bc5+ 17. Kf1 Re8 18. Rxe8+ Kxe8 19. Nc3 f6 20. Ne4 Be3 21.
c5 bxc5 22. a4 Bf5 23. Nd6+ Kd7 24. Nxf5 g5 25. Nxe3 fxe3 26. Bxf6 Rf8 27. Bxg5
Rf5 28. Bxe3 Nc2 29. Rd1+ Kc7 30. Bf2 Kb6 31. Rc1 Nb4 32. a5+ Kxa5 33. Rxc5+
Rxc5 34. Bxc5 Nd3 35. Be3 Kb5 36. Bd2 Kc5 37. g4 Kd5 38. Ke2 Ke4 39. h4 Nc5 40.
b4 Nb3 41. Ng5+ Ke5 42. Nxh7 Nd4+ 43. Kd3 Nf3 44. g5 1-0

[Event "Titled Tue 17th Jun Late"]
[Site "chess.com INT"]
[Date "2025.06.17"]
[Round "4"]
[White "Soto Vega, Jorge"]
[Black "Martinez Ramirez, Lennis"]
[Result "0-1"]
[WhiteTitle "FM"]
[BlackTitle "IM"]
[WhiteElo "2353"]
[BlackElo "2442"]
[WhiteFideId "3800580"]
[BlackFideId "3509079"]
[EventDate "2025.06.17"]

1. e4 c5 2. Nf3 e6 3. c4 Nc6 4. Nc3 Nf6 5. d4 cxd4 6. Nxd4 Bc5 7. Nb3 Bb4 8. Bd3
O-O 9. O-O Bxc3 10. bxc3 d6 11. Ba3 Qc7 12. e5 dxe5 13. Bxf8 Kxf8 14. c5 Nd5 15.
Rc1 Bd7 16. Be4 Nf6 17. Re1 Rd8 18. Qf3 Be8 19. Rcd1 a5 20. Rxd8 Qxd8 21. Bxc6
Bxc6 22. Qe3 Qd5 23. f3 a4 24. Nd2 Qxa2 25. Re2 Qa1+ 26. Kf2 Nd7 27. Nc4 f6 28.
Na5 Qa3 29. Nxc6 bxc6 30. Rd2 Ke8 31. Qd3 Qxc5+ 32. Kg3 Nb6 33. Qxh7 Nd5 34.
Qxg7 Qxc3 35. Re2 Qc4 36. Re4 Qa6 37. Rh4 Ne7 38. Qh8+ Kd7 39. Qxf6 Nf5+ 40. Kh3
Nxh4 41. Kxh4 a3 42. Qxe5 a2 43. Qd4+ Kc7 44. Qa1 Qa4+ 45. g4 Qb3 46. Qe5+ Kb7
47. Qg7+ Ka6 48. Qd4 Qb1 49. Qc4+ Kb7 50. Qxe6 a1=Q 51. Qd7+ Kb6 52. Qd8+ Kc5
53. Qe7+ Kc4 54. Qe6+ Kd3 55. f4 Qe1+ 56. Kh5 Qxe6 0-1

[Event "Titled Tue 17th Jun Late"]
[Site "chess.com INT"]
[Date "2025.06.17"]
[Round "4"]
[White "Playa, Marcelo"]
[Black "Orlov, Georgi"]
[Result "0-1"]
[WhiteTitle "IM"]
[BlackTitle "IM"]
[WhiteElo "2376"]
[BlackElo "2438"]
[WhiteFideId "102202"]
[BlackFideId "2011271"]
[EventDate "2025.06.17"]

1. e4 c6 2. d4 d5 3. e5 c5 4. dxc5 Nc6 5. Nf3 Bg4 6. Bb5 e6 7. Be3 Qc7 8. Bxc6+
Qxc6 9. b4 a5 10. c3 axb4 11. cxb4 b6 12. Nd4 Bxd1 13. Nxc6 Ba4 14. Nd4 b5 15.
Nc3 Ne7 16. Ndxb5 Kd7 17. Nd6 Nc6 18. Nxf7 Rg8 19. Rb1 Bc2 20. Rb2 Bg6 21. Nd6
Nxe5 22. O-O Nd3 23. Rb3 Bxd6 24. cxd6 Rgb8 25. Bc5 d4 26. Bxd4 Rxb4 27. Rxb4
Nxb4 28. Bxg7 Kxd6 29. Rd1+ Kc5 30. h4 Kc4 31. Rc1 Nd3 32. Rd1 Ra3 33. g4 h5 34.
gxh5 Bxh5 35. Rd2 e5 36. Ne4 Bg6 37. Nd6+ Kc3 38. Re2 Ra5 39. f4 Nxf4 40. Bxe5+
Kd3 41. Re1 Ne2+ 42. Kf2 Rxe5 43. a4 Bh5 44. Rc1 Nxc1 0-1

[Event "Titled Tue 17th Jun Late"]
[Site "chess.com INT"]
[Date "2025.06.17"]
[Round "4"]
[White "George Samir, David"]
[Black "Bukreev, Stanislav"]
[Result "0-1"]
[WhiteTitle "FM"]
[BlackTitle "FM"]
[WhiteElo "2356"]
[BlackElo "2305"]
[WhiteFideId "10657789"]
[BlackFideId "34252347"]
[EventDate "2025.06.17"]

1. e4 e6 2. d4 d5 3. Nd2 c5 4. exd5 Qxd5 5. Ngf3 cxd4 6. Bc4 Qd6 7. O-O Nf6 8.
Nb3 Nc6 9. Nbxd4 Nxd4 10. Nxd4 Be7 11. Nb5 Qc6 12. Bd3 O-O 13. Qe2 b6 14. Nd4
Qd5 15. Nf3 Bb7 16. b3 Ng4 17. Bb2 Bd6 18. h3 Nh2 19. Rfd1 Nxf3+ 20. Qxf3 Qxf3
21. gxf3 Rfd8 22. Be4 Rab8 23. Rd3 Bxe4 24. fxe4 Be7 25. Rad1 f5 26. f3 Kf7 27.
c4 g5 28. Kf2 h5 29. Rd7 Ke8 30. Rxd8+ Rxd8 31. Rxd8+ Kxd8 32. a4 Bc5+ 33. Ke2
Ke7 34. Bc3 a5 35. Bd2 Kf6 36. Bc3+ Kg6 37. Be5 h4 38. Bc7 Kh5 39. Kf1 g4 40.
Kg2 Bd4 41. Bd8 Bc5 42. Bc7 Kg5 43. Bd8+ Kf4 44. hxg4 fxg4 45. Bc7+ Kg5 46. Bd8+
Kh5 47. fxg4+ Kxg4 48. Bc7 h3+ 49. Kh2 Be3 50. e5 Bd4 51. Bd6 Kf5 52. Kxh3 Bxe5
53. Be7 Bc3 54. Bd8 Bd4 55. Kg2 Ke4 56. Kg3 Kd3 57. Kf4 e5+ 58. Kf5 e4 59. Bg5
e3 0-1

[Event "Titled Tue 17th Jun Late"]
[Site "chess.com INT"]
[Date "2025.06.17"]
[Round "4"]
[White "Sroczynski, Maciej"]
[Black "Liu, Xiangyi"]
[Result "0-1"]
[WhiteTitle "FM"]
[BlackTitle "IM"]
[WhiteElo "2236"]
[BlackElo "2370"]
[WhiteFideId "1121472"]
[BlackFideId "8605718"]
[EventDate "2025.06.17"]

1. d4 Nf6 2. c4 e6 3. Nf3 Nc6 4. g3 Bb4+ 5. Nbd2 Qe7 6. Bg2 O-O 7. O-O d6 8. Nb3
h6 9. a3 Ba5 10. d5 exd5 11. cxd5 Bb6 12. dxc6 bxc6 13. Nfd4 c5 14. Bxa8 cxd4
15. Nxd4 d5 16. Bc6 Bh3 17. Nf3 Qe6 18. Bb5 Ng4 19. e3 c6 20. Be2 Re8 21. Bd2
Qe4 22. Qb1 Qe6 23. Qd3 c5 24. b4 c4 25. Qc3 Qe4 26. Rfe1 Ne5 27. Nh4 d4 28. Qc1
c3 29. Bxc3 dxc3 30. Qxc3 g5 31. f3 Qxe3+ 32. Qxe3 Bxe3+ 33. Kh1 gxh4 34. f4 Nd7
35. Bf1 Bg4 36. Bg2 h3 37. Bc6 Kf8 38. Ra2 Bb6 39. Rxe8+ Kxe8 40. a4 Ke7 41. a5
Bd4 42. b5 Nf6 43. Ra4 Bc5 44. Rc4 Kd6 45. Rc2 Nd5 46. Rd2 Bf3+ 0-1

[Event "Titled Tue 17th Jun Late"]
[Site "chess.com INT"]
[Date "2025.06.17"]
[Round "4"]
[White "Jiganchine, Roman"]
[Black "Zuferi, Enis"]
[Result "0-1"]
[WhiteTitle "CM"]
[BlackTitle "FM"]
[WhiteElo "2205"]
[BlackElo "2339"]
[WhiteFideId "2603667"]
[BlackFideId "24692530"]
[EventDate "2025.06.17"]

1. Nf3 Nf6 2. c4 e6 3. b3 b6 4. Bb2 Bb7 5. Nc3 d5 6. e3 Be7 7. d4 O-O 8. Bd3 c5
9. O-O Nc6 10. Qe2 h6 11. Rad1 cxd4 12. exd4 Rc8 13. Rfe1 Re8 14. Bb1 dxc4 15.
bxc4 Na5 16. Ne5 Qc7 17. Nb5 Qb8 18. d5 Bb4 19. Nxf7 exd5 20. Nxh6+ gxh6 21. Qd3
Ne4 22. Qd4 Qe5 23. Rxe4 dxe4 24. Qxe5 Rxe5 25. Bxe5 Nxc4 26. Bf4 a6 27. Nd4 Rd8
28. Bxh6 Nb2 29. Bg5 Rd5 30. Bc2 Nxd1 31. Bb3 Nc3 32. Bd2 Kh7 33. Bxd5 Nxd5 34.
Bxb4 Nxb4 35. a3 Nc6 36. Nc2 Ne5 37. Kf1 Nc4 38. Ke2 Kg6 39. a4 Kf5 40. g3 Ke5
41. h4 Bc6 42. h5 Bxa4 43. Ne3 Nxe3 44. Kxe3 Be8 45. h6 Bg6 0-1

[Event "Titled Tue 17th Jun Late"]
[Site "chess.com INT"]
[Date "2025.06.17"]
[Round "4"]
[White "Kodihalli, Kaustubh"]
[Black "Anhwere, Bernard"]
[Result "1-0"]
[BlackTitle "CM"]
[WhiteElo "2038"]
[BlackElo "1906"]
[WhiteFideId "30956455"]
[BlackFideId "12600580"]
[EventDate "2025.06.17"]

1. e4 c5 2. Nf3 d6 3. d4 cxd4 4. Nxd4 Nf6 5. Nc3 a6 6. f3 e5 7. Nb3 Be7 8. Be3
O-O 9. Qd2 Be6 10. O-O-O Qc7 11. g4 b5 12. g5 Nh5 13. Kb1 b4 14. Nd5 Bxd5 15.
Qxd5 Nd7 16. Rg1 a5 17. Bh3 a4 18. Nc1 Rfc8 19. Qd2 Rcb8 20. Bg4 Nf4 21. h4 Nc5
22. Ne2 Nxe2 23. Qxe2 b3 24. cxb3 axb3 25. a3 Ra4 26. Rc1 Qa5 27. Rc4 Ra8 28.
Bxc5 dxc5 29. Bd7 Rxc4 30. Qxc4 Qd2 31. Bc6 Rd8 32. Bd5 Qe3 33. Rf1 Rf8 34. Qxb3
Qe2 35. Rc1 Qf2 36. a4 Qxh4 37. a5 Bxg5 38. Rxc5 Qf2 39. Rb5 Rc8 40. Ka2 Qe1 41.
Qc4 Rf8 42. a6 h5 43. a7 Be3 44. Rb7 1-0

[Event "Titled Tue 17th Jun Late"]
[Site "chess.com INT"]
[Date "2025.06.17"]
[Round "4"]
[White "Peatman, Carter"]
[Black "Qian, Ashley"]
[Result "0-1"]
[BlackTitle "WCM"]
[WhiteElo "2082"]
[BlackElo "2033"]
[WhiteFideId "2096480"]
[BlackFideId "2636280"]
[EventDate "2025.06.17"]

1. d4 d5 2. Bf4 Nf6 3. e3 e6 4. c4 Be7 5. Nc3 O-O 6. Nf3 b6 7. Be2 dxc4 8. Bxc4
Ba6 9. Bxa6 Nxa6 10. O-O c5 11. Qa4 Qc8 12. Rac1 Qb7 13. Nb5 Rfd8 14. a3 cxd4
15. exd4 Nd5 16. Bg3 Rac8 17. Ne5 Bf8 18. h3 Ndc7 19. Nc6 Rd7 20. Ncxa7 Ra8 21.
Nxc7 Rxc7 22. Bxc7 Nxc7 23. Qd7 Rxa7 24. Qd8 Nd5 25. Rc8 Qe7 26. Rfc1 g6 27. Rb8
Kg7 28. Qc8 Qg5 29. Kh2 Bd6+ 30. g3 Bxb8 31. Qxb8 Qxc1 32. Qxa7 Qf1 33. Qb8
Qxf2+ 34. Kh1 Qf1+ 35. Kh2 Ne3 36. Qe5+ f6 37. Qc7+ Kg8 38. Qd8+ Kg7 39. Qe7+
Kh6 40. Qf8+ Kh5 41. g4+ Kg5 42. h4+ Kxg4 43. Qa8 Qf2+ 44. Kh1 Qf3+ 45. Kg1 Qxa8
46. Kf2 Qf3+ 0-1

[Event "Titled Tue 17th Jun Late"]
[Site "chess.com INT"]
[Date "2025.06.17"]
[Round "4"]
[White "Ernst, Luca"]
[Black "Eminov, Orkhan"]
[Result "1/2-1/2"]
[WhiteTitle "FM"]
[BlackTitle "FM"]
[WhiteElo "2215"]
[BlackElo "2239"]
[WhiteFideId "45117055"]
[BlackFideId "13402153"]
[EventDate "2025.06.17"]

1. e4 c5 2. Nf3 Nc6 3. d4 cxd4 4. Nxd4 g6 5. c4 Nf6 6. Nc3 Nxd4 7. Qxd4 d6 8. b3
Bg7 9. Bb2 Qa5 10. Rc1 O-O 11. Be2 b5 12. O-O bxc4 13. Nd5 e5 14. Nxf6+ Bxf6 15.
Qxd6 Qb6 16. Qxb6 axb6 17. Bxc4 Rxa2 18. Bc3 Bb7 19. f3 Rd8 20. Rcd1 Rxd1 21.
Rxd1 Rc2 22. Rd7 Rxc3 23. Rxb7 Bg5 24. Bxf7+ Kf8 25. Bc4 Rc2 26. h4 Bxh4 27.
Rxh7 Bg3 28. Rh8+ Ke7 29. Rg8 Rc1+ 30. Bf1 Kf7 31. Rb8 Rc2 32. Bc4+ Ke7 33. Rb7+
Kd8 34. Rg7 Rc1+ 35. Bf1 Bf4 36. g4 g5 37. Rg8+ Kc7 38. Rg6 Rc2 39. Bc4 Be3+ 40.
Kh1 Rf2 41. Rf6 Bf4 42. Bd5 Rxf3 43. Rc6+ Kd7 44. Rxb6 Rh3+ 45. Kg2 Rg3+ 46. Kf2
Kc7 47. Rc6+ Kd7 48. Ra6 Kc7 49. b4 Rxg4 50. b5 Rg3 51. b6+ Kd7 52. Ra7+ Kd6 53.
b7 Be3+ 54. Kxg3 Bxa7 55. Kg4 Kc7 56. Kxg5 Bd4 57. Kf6 Kb8 58. Ke6 Bb2 59. Kd6
Ba1 60. Kc6 Bb2 61. Kb6 Ba1 62. Kc6 Bb2 63. Kb6 Ba1 64. Kb5 Bd4 65. Kb4 Ba1 66.
Kc4 Bd4 67. Kb3 Kc7 68. Bc6 Kb8 69. Bd5 Kc7 70. Kc2 Kb8 71. Kd3 Kc7 72. Kc4 Kb8
73. Kd3 Kc7 74. Kc4 Kb8 1/2-1/2

[Event "Titled Tue 17th Jun Late"]
[Site "chess.com INT"]
[Date "2025.06.17"]
[Round "4"]
[White "Martinez Fernandez, Adrian"]
[Black "Manvelyan, Mikayel"]
[Result "0-1"]
[WhiteTitle "IM"]
[BlackTitle "FM"]
[WhiteElo "2404"]
[BlackElo "2362"]
[WhiteFideId "32049048"]
[BlackFideId "13310143"]
[EventDate "2025.06.17"]

1. e4 c5 2. Nf3 Nc6 3. d4 cxd4 4. Nxd4 Nf6 5. Nc3 e5 6. Ndb5 d6 7. Nd5 Nxd5 8.
exd5 Nb8 9. a4 Be7 10. Be2 O-O 11. O-O Nd7 12. b3 f5 13. Ba3 Nf6 14. c4 b6 15.
Qd2 a6 16. Nc3 Rb8 17. f4 e4 18. Rae1 Nd7 19. Rf2 Nc5 20. Qc2 Bf6 21. Rd1 Qe7
22. Bb2 Bd7 23. Na2 a5 24. Bc3 Rbe8 25. Bf1 h6 26. Nc1 g5 27. fxg5 hxg5 28. Re1
f4 29. Kh1 e3 30. Qg6+ Qg7 31. Qxg7+ Kxg7 32. Bxf6+ Rxf6 33. Rb2 g4 34. Nd3 f3
35. Nxc5 bxc5 36. Bd3 e2 37. gxf3 gxf3 38. Bxe2 fxe2 39. Rbxe2 Rxe2 40. Rxe2 Bh3
41. Re1 Rf1+ 42. Rxf1 Bxf1 43. Kg1 Bd3 44. Kf2 Bc2 45. Ke3 Bxb3 0-1

[Event "Titled Tue 17th Jun Late"]
[Site "chess.com INT"]
[Date "2025.06.17"]
[Round "4"]
[White "Rao, Anjaneya Sripathy"]
[Black "Rozman, Levy"]
[Result "0-1"]
[WhiteTitle "CM"]
[BlackTitle "IM"]
[WhiteElo "2217"]
[BlackElo "2324"]
[WhiteFideId "30954770"]
[BlackFideId "2039877"]
[EventDate "2025.06.17"]

1. c4 Na6 2. g3 h5 3. h4 Nh6 4. Nc3 c6 5. Bg2 Ng4 6. d4 d6 7. e4 g6 8. Bg5 Bg7
9. f3 Nh6 10. Qd2 Rb8 11. Nge2 c5 12. d5 Nc7 13. e5 dxe5 14. Ne4 f6 15. Be3 b6
16. d6 Ne6 17. O-O-O Nd4 18. dxe7 Kxe7 19. N2c3 Be6 20. f4 Ng4 21. Nd5+ Bxd5 22.
cxd5 Qxd5 23. Nc3 Qd7 24. fxe5 Nxe5 25. Rhe1 Rhd8 26. Nd5+ Kf7 27. Bxd4 cxd4 28.
Qxd4 Qf5 29. Be4 Qg4 30. Rf1 Rbc8+ 31. Kb1 Rd7 32. Qxe5 Rc6 33. Qd4 Rcd6 34. Qc4
Kf8 35. Qc8+ Kf7 36. Qc4 Kf8 37. Qc2 f5 38. Ne3 Rxd1+ 39. Nxd1 Qxg3 40. Bxf5
gxf5 41. Qxf5+ Ke8 42. Qe6+ Kd8 43. Nc3 Qd3+ 44. Kc1 Qxf1+ 45. Kc2 Qd3+ 46. Kb3
Qd6 47. Qg8+ Qf8 48. Qe6 Qf7 0-1

[Event "Titled Tue 17th Jun Late"]
[Site "chess.com INT"]
[Date "2025.06.17"]
[Round "4"]
[White "Rees, Ioan"]
[Black "Mai, Alexander Oliver"]
[Result "1-0"]
[WhiteTitle "FM"]
[BlackTitle "CM"]
[WhiteElo "2280"]
[BlackElo "2171"]
[WhiteFideId "1801236"]
[BlackFideId "2313391"]
[EventDate "2025.06.17"]

1. Nf3 c5 2. g3 Nc6 3. Bg2 e5 4. c4 g6 5. Nc3 Bg7 6. O-O Nge7 7. a3 O-O 8. Rb1
a5 9. d3 d6 10. Ne1 Be6 11. Nc2 Qd7 12. b4 axb4 13. axb4 cxb4 14. Nxb4 Bh3 15.
Nbd5 Bxg2 16. Kxg2 Nxd5 17. Nxd5 Rab8 18. Ba3 Nd4 19. e3 Ne6 20. Rb6 Nc5 21.
Bxc5 dxc5 22. Qb3 f5 23. f3 Rf7 24. Rb1 Kh8 25. Qb5 Qxb5 26. R1xb5 Bf8 27. Re6
Ra8 28. Rxe5 Ra2+ 29. Kh3 Rd2 30. Rb3 g5 31. f4 g4+ 32. Kh4 Kg7 33. h3 Rh2 34.
Rxf5 Rxf5 35. Kxg4 Rf7 36. e4 h5+ 37. Kxh5 Rxh3+ 38. Kg4 Rh2 39. e5 Kg8 40. Nf6+
Kh8 41. Kf5 Rg7 42. g4 Be7 43. g5 Bxf6 44. gxf6 Rc7 45. e6 Rhh7 46. Ke5 Kg8 47.
Kd6 Kf8 48. e7+ Rcxe7 49. fxe7+ Rxe7 50. Kxc5 Rf7 51. d4 Rxf4 52. Rxb7 1-0

[Event "Titled Tue 17th Jun Late"]
[Site "chess.com INT"]
[Date "2025.06.17"]
[Round "4"]
[White "Shuvalova, Polina"]
[Black "Suvradeepta, Das"]
[Result "1-0"]
[WhiteTitle "IM"]
[BlackTitle "FM"]
[WhiteElo "2480"]
[BlackElo "2230"]
[WhiteFideId "24171760"]
[BlackFideId "5058031"]
[EventDate "2025.06.17"]

1. Nf3 d5 2. b3 Nf6 3. Bb2 e6 4. g3 Be7 5. Bg2 O-O 6. O-O c5 7. e3 Nc6 8. d4 b6
9. Nbd2 Bb7 10. Rc1 Rc8 11. Qe2 Nb4 12. a3 Ba6 13. c4 Nc6 14. Rfd1 cxd4 15. exd4
Na5 16. Ne5 Qc7 17. Qe3 dxc4 18. bxc4 Bb7 19. Ndf3 Nd7 20. d5 exd5 21. cxd5 Qd8
22. Rxc8 Bxc8 23. Nc6 Bc5 24. Qc3 Qf6 25. Nxa5 bxa5 26. Qxf6 Nxf6 27. Nd4 Rd8
28. Nc6 Rd7 29. Nxa5 Ng4 30. Bd4 Bxa3 31. Nc6 a6 32. Re1 Kf8 33. Nb8 Re7 34. Ra1
Bd6 35. Nxa6 Bxa6 36. Rxa6 Re1+ 37. Bf1 Be5 38. Bc5+ Ke8 39. Kg2 Nxh2 40. Bb5+
Kd8 41. Kxh2 Rb1 42. Bc6 Rb8 43. Bb6+ 1-0

[Event "Titled Tue 17th Jun Late"]
[Site "chess.com INT"]
[Date "2025.06.17"]
[Round "4"]
[White "Zeliantsova, Kseniya"]
[Black "Bulgurlu, Okan"]
[Result "0-1"]
[WhiteTitle "WFM"]
[BlackTitle "CM"]
[WhiteElo "2062"]
[BlackElo "1964"]
[WhiteFideId "13512617"]
[BlackFideId "6352316"]
[EventDate "2025.06.17"]

1. e4 c5 2. Nf3 d6 3. Bb5+ Bd7 4. Bxd7+ Nxd7 5. O-O e5 6. c3 Ngf6 7. Re1 Be7 8.
d4 Qc7 9. Nbd2 O-O 10. Nf1 b5 11. Bg5 Rfe8 12. Ne3 Qb7 13. Nf5 Bf8 14. d5 g6 15.
h3 gxf5 16. exf5 Qxd5 17. Qc2 e4 18. Nh4 Bg7 19. Rad1 Qe5 20. Qd2 d5 21. Re3 Kh8
22. Qe2 d4 23. cxd4 cxd4 24. Rg3 e3 25. f4 Qe4 26. Nf3 Nh5 27. Rg4 Qxf5 28. Nxd4
Bxd4 29. Rxd4 Ng7 30. Rg3 f6 31. Bh6 Re7 32. Bxg7+ Rxg7 33. Qxe3 Rxg3 34. Qxg3
Qb1+ 35. Kh2 Qf5 36. Qf3 Rg8 37. Rd5 Qe6 38. f5 Qe7 39. Rxb5 Ne5 40. Qf4 Qd7 41.
Ra5 Qc7 42. Ra4 Qc6 43. Re4 Qc2 0-1

[Event "Titled Tue 17th Jun Late"]
[Site "chess.com INT"]
[Date "2025.06.17"]
[Round "4"]
[White "Firouzja, Alireza"]
[Black "Schnaider, Ilan"]
[Result "1/2-1/2"]
[WhiteTitle "GM"]
[BlackTitle "IM"]
[WhiteElo "2766"]
[BlackElo "2388"]
[WhiteFideId "12573981"]
[BlackFideId "169013"]
[EventDate "2025.06.17"]

1. Nf3 Nf6 2. g3 g6 3. b3 d5 4. Bb2 c5 5. Bg2 Bg7 6. O-O O-O 7. c4 d4 8. b4 Nc6
9. bxc5 Ne4 10. d3 Nxc5 11. a4 Rb8 12. Nbd2 b6 13. Ba3 Bd7 14. Rb1 Na5 15. Ng5
Bxa4 16. Qc1 Bh6 17. h4 Qd7 18. Bxc5 bxc5 19. Qa3 Rb6 20. Nde4 Nb7 21. Nxc5 Nxc5
22. Qxc5 Rfb8 23. Ra1 Bc6 24. Bxc6 Rxc6 25. Qxa7 Qxa7 26. Rxa7 Bxg5 27. hxg5 Re6
28. Re1 Rb2 29. Kf1 Re5 30. Rd7 e6 31. f4 Re3 32. Rxd4 Rxg3 33. Kf2 Rh3 34. Re4
Rxd3 35. Rc1 Rdd2 36. Ke1 Kf8 37. Rc3 Rbc2 38. Rh3 Kg7 39. Rd3 Rxd3 40. exd3 h6
41. Kd1 Ra2 42. gxh6+ Kxh6 43. Rd4 Kg7 44. Rd7 Kf8 45. c5 Ke8 46. Rb7 Ra4 47. c6
Ra8 48. Kd2 Rc8 49. Rb6 Ke7 50. Rb7+ Ke8 51. Rb6 Ke7 52. Rb7+ Ke8 1/2-1/2